000
00329nam a2200133Ia 4500
005
20251222155154.0
008
251222s9999||||xx |||||||||||||| ||spa||
082
_a
MEQ.161
100
_a
RAYON, Esperanza.
245
0
_a
Procedimientos Diagnósticos y Terapeútics
250
_a
1ra. ed.
264
_b
Ed.síntesis
942
_c
LIB
999
_c
39675
_d
39675